000 00918nas a2200301 4500
001 BR2013001593
003 BR-BrBNA
005 20231205121951.0
007 ta
008 230509b bl.|||p| |||| 00| 00por d
040 _aBR-BrBNA
_bpor
_cBiblioteca Nacional de Agricultura
041 _a(Pt)
072 _aM40
100 1 _aAlves, T.P.
100 1 _aSchramm, M.A.
100 1 _aTamanaha, M. da S.
100 1 _aProença, L.A. de O.
245 1 _aImplementação e avaliação do monitoramento de algas nocivas e de ficotoxinas em um cultivo de moluscos em Florianópolis - SC
650 _aMOLUSCO
650 _aALGA MARINHA
650 _aFITOPLANCTON
650 _aOCEANOGRAFIA
650 _aFLORAÇÃO
650 _aTOXINA
773 0 _tAtlântica (Brazil)
_xISSN 0102-1656
_g(Jan-Jun 2010), v. 32(1) p. 71-77
_wBR2013001593
909 _a202311
_bLúcia
_c55
_dLúcia Elande
942 _2AGRIS
_n0
_cANA
999 _c226191
_d226191